| 000 | 00678nam a2200253Ia 4500 | ||
|---|---|---|---|
| 001 | dia_3323 | ||
| 003 | CHAP | ||
| 005 | 20230518120108.0 | ||
| 008 | 220117s1992 xx 000 0 und d | ||
| 010 | _a173795 | ||
| 020 | _a0-534-15162-0 | ||
| 040 | _cCHAP | ||
| 082 | _a581.1 S3Y | ||
| 100 |
_aSalisbury, Frank B. _9101737 |
||
| 245 |
_aFisiología Vegetal / _c por Frank B. Salisbury y Cleon W. Ross |
||
| 260 |
_aMéxico : _b Iberoamericana, _c1992 |
||
| 300 | _a759 P. | ||
| 500 | _aLa C.2, es Fotocopia | ||
| 503 | _aC/E | ||
| 901 | _a581.1 S3Y | ||
| 902 | _aM | ||
| 905 | _a0000001992 MX A 0000000000SPA00 | ||
| 942 |
_cLIBRO _2ddc |
||
| 999 |
_c173795 _d173795 |
||